Normal view
MARC view
Entry Topical Term
001 - CONTROL NUMBER
- control field: 38
003 - CONTROL NUMBER IDENTIFIER
- control field: BD-RjUL
005 - DATE AND TIME OF LATEST TRANSACTION
- control field: 20211209000718.0
008 - FIXED-LENGTH DATA ELEMENTS
- fixed length control field: 211209|| aca||aabn | a|a d
040 ## - CATALOGING SOURCE
- Original cataloging agency: BD-RjUL
- Transcribing agency: BD-RjUL
150 ## - HEADING--TOPICAL TERM
- Topical term or geographic name entry element: Literature
- General subdivision: General
670 ## - SOURCE DATA FOUND
- Source citation: Work cat.: (BD-RjUL)21645: Stevenson, Robert Louis. 56475, Familiar studies of men and books. Fine-paper ed., 1917.